00879cam a22002291 4500001001300000003000400013005001700017008004100034010002300075040003200098041001100130050000800141082003400149110002400183240003600207245005000243260004400293300002200337500014500359500009600504710004900600pa 68000007 DLC20260227111857.0710901s1967 dcu 00000 eng c apa 68000007 //r843 aPan American Union. Library1 aengspa0 aLAW0 a342.7293/023a347.293022321910aDominican Republic.10aConstitución (1966).lEnglish10aConstitution of the Dominican Republic, 1966.0 aWashington,bPan American Union,c1967. aiv, 28 p.c28 cm. a"This constitution, which supersedes the one of September 16, 1962, is translated from the text distributed by the Junta Central Electoral." a"Published under the direction of the General Legal Division, Department of Legal Affairs."20aPan American Union.bGeneral Legal Division.